| 000 | 00912nam a22003017a 4500 | ||
|---|---|---|---|
| 001 | 10016 | ||
| 003 | FISKH | ||
| 005 | 20260327160455.0 | ||
| 008 | 260327b cb ||||| |||| 00| 0 eng d | ||
| 020 | _a9780545221672 | ||
| 040 |
_aFISKH _beng _cFISKH _dFISKH |
||
| 050 | _aPZ7 .S6538 .J | ||
| 082 | _a973.3 | ||
| 100 | _aSmith , Lane | ||
| 245 |
_aJohn , Paul , George & Ben / _cBy Lane Smith |
||
| 250 | _aFirst Scholastic printing , October 2009 | ||
| 260 |
_aNew York : _bScholastic , _c2006. |
||
| 300 |
_a40 unnumbered pages : _bcolor illustrations ; _c27 cm . |
||
| 505 | _aU | ||
| 520 | _aA humorous look at five of our country's founding fathers. | ||
| 521 | 8 |
_a830
_bLexile |
|
| 521 | 8 |
_aU
_bRaz-Plus |
|
| 650 |
_aRevolutionary War _vNon-fiction |
||
| 650 |
_aFounding Fathers _vNon-fiction |
||
| 700 |
_aLeach , Molly _eDesigner |
||
| 942 |
_2ddc _cBK _n0 |
||
| 999 |
_c10016 _d10016 |
||